Viage a la Sierra y Laguna de Gredos por su polo austral / (Record no. 13036)

MARC details
000 -LEADER
campo de control de longitud fija 00995nam a22002775i 4500
001 - NÚMERO DE CONTROL
campo de control 13036
003 - IDENTIFICADOR DE NÚMERO DE CONTROL
campo de control ES-MaACL
005 - FECHA Y HORA DE LA ÚLTIMA TRANSACCIÓN
campo de control 20230906150457.0
007 - CAMPO FIJO DE DESCRIPCIÓN FÍSICA--INFORMACIÓN GENERAL
campo de control de longitud fija t|
008 - DATOS DE LONGITUD FIJA--INFORMACIÓN GENERAL
campo de control de longitud fija 920529r19891839sp |||| | spa j
020 ## - NÚMERO INTERNACIONAL ESTÁNDAR DEL LIBRO
Número Internacional Estándar del Libro 84-86207-29-0
080 ## - NÚMERO DE LA CLASIFICACIÓN DECIMAL UNIVERSAL
Número de la Clasificación Decimal Universal 914.60(234 Gredos)"18"
100 1# - ENTRADA PRINCIPAL--NOMBRE DE PERSONA
Nombre de persona Aznar, Gregorio.
9 (RLIN) 24300
245 10 - MENCIÓN DEL TÍTULO
Título Viage a la Sierra y Laguna de Gredos por su polo austral /
Mención de responsabilidad, etc. [Gregorio Aznar] ; edición a cargo de Juan Reviriego Alia ; prólogo de Nacho Criado.
246 3# - FORMA VARIANTE DEL TITULO
Título propio/Titulo breve Viaje a la Sierra y Laguna de Gredos por su polo austral
260 ## - PUBLICACIÓN, DISTRIBUCIÓN, ETC.
Lugar de publicación, distribución, etc. Madrid :
Nombre del editor, distribuidor, etc. El Museo Universal,
Fecha de publicación, distribución, etc. 1989.
300 ## - DESCRIPCIÓN FÍSICA
Extensión [54] p. :
Otras características físicas il. ;
Dimensiones 22 cm.
534 ## - NOTA SOBRE LA VERSIÓN ORIGINAL
Frase introductoria Reprod. facs. de la ed de:
Publicación, distribución, etc. del original Madrid : Imp. de Ibarra, 1839.
651 #4 - PUNTO DE ACCESO ADICIONAL DE MATERIA--NOMBRE GEOGRÁFICO
Nombre geográfico Gredos (España, Sierra)-
Subdivisión general Descripción.
9 (RLIN) 167958
655 #7 - TERMINO DE INDIZACIÓN--GENERO/FORMA
Fuente del término tgfbne
9 (RLIN) 226495
Datos o término principal de género/forma Facsímiles
700 1# - ENTRADA AGREGADA--NOMBRE PERSONAL
Nombre de persona Reviriego Alia, Juan.
9 (RLIN) 96450
700 1# - ENTRADA AGREGADA--NOMBRE PERSONAL
Nombre de persona Criado, Nacho.
9 (RLIN) 41598
852 ## - LOCALIZACIÓN
Ubicación ES-MaACL
Número de control de estantería L-20371
942 ## - ELEMENTOS DE ENTRADA SECUNDARIOS (KOHA)
Fuente del sistema de clasificación o colocación Clasificación decimal universal
Holdings
Estatus retirado Estado de pérdida Estado de daño No para préstamo Biblioteca de origen Biblioteca actual Ubicación en estantería Fecha de adquisición Fuente de adquisición Total de préstamos Signatura topográfica completa Código de barras Visto por última vez Precio de reemplazo Tipo de ítem Koha
        Biblioteca del Ateneo de Madrid Biblioteca del Ateneo de Madrid Depósito 2 17/01/2008     L-20371 1013276 23/02/2023 23/02/2023 Libro impreso